Pays visités par Vladimir Poutine - Statistiques

Statistiques générales
  • Ce quiz a été pris 144 fois
  • Le résultat moyen est 51 sur 70
Statistiques - réponses
Nombre de visites Pays % Correct
8 États-Unis
99%
17 France
98%
21 Chine
97%
21 Ukraine
96%
5 Japon
94%
2 Canada
93%
18 Allemagne
92%
2 Espagne
92%
28 Biélorussie
91%
2 Mexique
91%
2 Corée du Nord
90%
10 Inde
89%
33 Kazakhstan
89%
3 Brésil
88%
8 Finlande
88%
3 Corée du Sud
87%
7 Royaume-Uni
87%
1 Algérie
86%
11 Italie
86%
2 Pologne
86%
1 Maroc
85%
14 Turquie
85%
1 Suède
84%
2 Argentine
83%
3 Israël
83%
3 Arabie saoudite
81%
2 Australie
81%
1 Norvège
81%
1 Roumanie
80%
1 Suisse
80%
5 Iran
79%
2 Portugal
79%
3 Afrique du Sud
78%
3 Égypte
77%
4 Belgique
76%
5 Grèce
75%
7 Azerbaïdjan
74%
9 Arménie
73%
10 Ouzbékistan
73%
3 Pays-Bas
73%
5 Hongrie
72%
6 Autriche
71%
2 Moldavie
69%
3 Serbie
69%
2 Slovénie
69%
9 Turkménistan
69%
1 Qatar
68%
2 Syrie
68%
2 Indonésie
67%
4 Mongolie
67%
1 Slovaquie
67%
13 Tadjikistan
67%
14 Kirghizistan
65%
2 Bulgarie
64%
3 Émirats arabes unis
64%
1 République Tchèque
64%
1 Thaïlande
64%
2 Croatie
63%
2 Cuba
63%
1 Chili
61%
1 Libye
61%
5 Viêt Nam
61%
1 Pérou
59%
6 Vatican
53%
2 Jordanie
49%
3 Malaisie
47%
1 Singapour
40%
1 Guatemala
19%
1 Nicaragua
19%
1 Brunei
14%
Aucun quiz correspondant
Distribution des résultats
% des personnes avec chaque résultat
Percentile par nombre de réponses
Votre historique - résultats
Vous n’avez pas pris ce quiz